Detalles MARC
| 000 -CABECERA |
| campo de control de longitud fija |
01120nam a2200289 a 4500 |
| 001 - NÚMERO DE CONTROL |
| campo de control |
000004179 |
| 003 - IDENTIFICADOR DEL NÚMERO DE CONTROL |
| campo de control |
DO-SdBNP |
| 005 - FECHA Y HORA DE LA ÚLTIMA TRANSACCIÓN |
| campo de control |
20240430111442.0 |
| 007 - CAMPO FIJO DE DESCRIPCIÓN FÍSICA--INFORMACIÓN GENERAL |
| campo de control de longitud fija |
ta |
| 008 - DATOS DE LONGITUD FIJA--INFORMACIÓN GENERAL |
| campo de control de longitud fija |
090720s2005 dr ac 001 0 spa d |
| 020 ## - NÚMERO INTERNACIONAL ESTÁNDAR DEL LIBRO |
| Número Internacional Estándar del Libro |
0974854263 |
| 040 ## - FUENTE DE LA CATALOGACIÓN |
| Centro catalogador/agencia de origen |
DO-SdBNP |
| Lengua de catalogación |
spa |
| Centro/agencia transcriptor |
BNPHU |
| 082 #4 - NÚMERO DE LA CLASIFICACIÓN DECIMAL DEWEY |
| Número de edición |
22 |
| 245 10 - MENCIÓN DE TÍTULO |
| Título |
Ana y su anorexia : |
| Resto del título |
más alláde no comer / |
| Mención de responsabilidad, etc. |
productor editorial Augusto Ramírez Ibáñez ; editoras Guillermina Sánchez López ; Ángela Rosa Rivera Carrasquillo ; colabordora Carmen Delia Sánchez ; Luis Raúl Colón Rivera |
| 260 ## - PUBLICACIÓN, DISTRIBUCIÓN, ETC. |
| Lugar de publicación, distribución, etc. |
San Juan, Puerto Rico : |
| Nombre del editor, distribuidor, etc. |
Editorial la Biblioteca, |
| Fecha de publicación, distribución, etc. |
2005. |
| 300 ## - DESCRIPCIÓN FÍSICA |
| Extensión |
140 p. ; |
| Dimensiones |
21 cm. |
| 500 ## - NOTA GENERAL |
| Nota general |
Incluye índice |
| 504 ## - NOTA DE BIBLIOGRAFÍA, ETC. |
| Nota de bibliografía, etc. |
Bibliografías : p. 133-136 |
| 590 ## - NOTA LOCAL (RLIN) |
| Nota local |
Inventariado, 2023/BT |
| 700 1# - PUNTO DE ACCESO ADICIONAL--NOMBRE DE PERSONA |
| Nombre de persona |
Alemán, José Luis, |
| Término indicativo de función/relación |
producción editorial |
| 9 (RLIN) |
7046 |
| 700 1# - PUNTO DE ACCESO ADICIONAL--NOMBRE DE PERSONA |
| Nombre de persona |
Sánchez López, Guillermina, |
| Término indicativo de función/relación |
editora |
| 9 (RLIN) |
83172 |
| 700 1# - PUNTO DE ACCESO ADICIONAL--NOMBRE DE PERSONA |
| Nombre de persona |
Rivera Carrasquillo, Ángela Rosa, |
| Término indicativo de función/relación |
editora |
| 9 (RLIN) |
83173 |
| 700 1# - PUNTO DE ACCESO ADICIONAL--NOMBRE DE PERSONA |
| Nombre de persona |
Colón Rivera, Luis Raúl, |
| Término indicativo de función/relación |
colaborador |
| 9 (RLIN) |
83174 |
| 700 1# - PUNTO DE ACCESO ADICIONAL--NOMBRE DE PERSONA |
| Nombre de persona |
Sánchez López, Carmen Delia, |
| Término indicativo de función/relación |
colaboradora |
| 9 (RLIN) |
83175 |
| 910 ## - DATOS DE OPCIÓN DEL USUARIO (OCLC) |
| Datos de opción del usuario |
Btavárez |
| 942 ## - ELEMENTOS DE PUNTO DE ACCESO ADICIONAL (KOHA) |
| Fuente del sistema de clasificación o colocación |
Dewey Decimal Classification |
| Tipo de ítem Koha |
Libro |